Every Song by Anthrax - Statistics

General Stats
  • This quiz has been taken 21 times
    11 since last reset
  • The average score is 66 of 144
Answer Stats
Album Song % Correct
Among the Living(1987) Among the Living
100%
For All Kings(2016) For All Kings
100%
Spreading the Disease(1985) Madhouse
100%
Worship Music(2011) Worship
100%
Among the Living(1987) A.D.I. / Horror of It All
83%
Spreading the Disease(1985) A.I.R.
83%
Fistful of Metal(1984) Anthrax
83%
State of Euphoria(1988) Be All, End All
83%
Persistence of Time(1990) Belly of the Beast
83%
Sound of White Noise(1993) Black Lodge
83%
Among the Living(1987) Caught in a Mosh
83%
Sound of White Noise(1993) Hy Pro Glo
83%
Among the Living(1987) I Am the Law
83%
Among the Living(1987) Indians
83%
Persistence of Time(1990) In My World
83%
Volume 8: The Threat is Real(1998) Inside Out
83%
Worship Music(2011) In the End
83%
Persistence of Time(1990) Keep It in the Family
83%
Stomp 442(1995) King Size
83%
Spreading the Disease(1985) Lone Justice
83%
Spreading the Disease(1985) Medusa
83%
Fistful of Metal(1984) Metal Thrashing Mad
83%
Among the Living(1987) One World
83%
Sound of White Noise(1993) Only
83%
Sound of White Noise(1993) Potters Field
83%
Stomp 442(1995) Riding Shotgun
83%
Sound of White Noise(1993) Room for One More
83%
Persistence of Time(1990) Time
83%
Fistful of Metal(1984) Across the River
67%
Spreading the Disease(1985) Aftershock
67%
Spreading the Disease(1985) Armed and Dangerous
67%
Among the Living(1987) A Skeleton in the Closet
67%
Persistence of Time(1990) Blood
67%
We've Come for You All(2003) Cadillac Rock Box
67%
Fistful of Metal(1984) Deathrider
67%
Among the Living(1987) Efilnikufesin (N.F.L.)
67%
Stomp 442(1995) Fueled
67%
Persistence of Time(1990) Gridlock
67%
Spreading the Disease(1985) Gung-Ho
67%
Fistful of Metal(1984) Howling Furies
67%
Among the Living(1987) Imitation of Life
67%
Attack of the Killer B's(1991) I'm the Man
67%
Worship Music(2011) Judas Priest
67%
Fistful of Metal(1984) Panic
67%
We've Come for You All(2003) Safe Home
67%
Fistful of Metal(1984) Soldiers of Metal
67%
Spreading the Disease(1985) S.S.C. / Stand or Fall
67%
Fistful of Metal(1984) Subjugator
67%
Worship Music(2011) The Devil You Know
67%
State of Euphoria(1988) 13
50%
For All Kings(2016) Breathing Lightning
50%
Volume 8: The Threat is Real(1998) Crush
50%
Fistful of Metal(1984) Death from Above
50%
Persistence of Time(1990) Discharge
50%
Worship Music(2011) Earth on Hell
50%
For All Kings(2016) Evil Twin
50%
State of Euphoria(1988) Fīnalē
50%
Worship Music(2011) Hymn 1
50%
Persistence of Time(1990) Intro to Reality
50%
State of Euphoria(1988) Now It's Dark
50%
Stomp 442(1995) Random Acts of Senseless Violence
50%
We've Come for You All(2003) Refuse to Be Denied
50%
State of Euphoria(1988) Schism
50%
Spreading the Disease(1985) The Enemy
50%
We've Come for You All(2003) What Doesn't Die
50%
Sound of White Noise(1993) 1000 Points of Hate
33%
Volume 8: The Threat is Real(1998) Alpha Male
33%
Stomp 442(1995) American Pompeii
33%
We've Come for You All(2003) Any Place But Here
33%
Stomp 442(1995) Bare
33%
We've Come for You All(2003) Black Dahlia
33%
For All Kings(2016) Blood Eagle Wings
33%
Sound of White Noise(1993) C11 H17 N2 O2 S Na
33%
Volume 8: The Threat is Real(1998) Catharsis
33%
We've Come for You All(2003) Contact
33%
Volume 8: The Threat is Real(1998) Cupajoe
33%
Stomp 442(1995) Drop the Ball
33%
Worship Music(2011) Fight 'Em 'Til You Can't
33%
Persistence of Time(1990) H8 Red
33%
Worship Music(2011) Hymn 2
33%
Worship Music(2011) I'm Alive
33%
For All Kings(2016) Impaled
33%
Stomp 442(1995) In a Zone
33%
Sound of White Noise(1993) Invisible
33%
Non-Album(1993) Looking Down the Barrel of a Gun
33%
State of Euphoria(1988) Make Me Laugh
33%
State of Euphoria(1988) Misery Loves Company
33%
For All Kings(2016) Monster at the End
33%
Stomp 442(1995) Nothing
33%
Persistence of Time(1990) One Man Stands
33%
State of Euphoria(1988) Out of Sight, Out of Mind
33%
Sound of White Noise(1993) Packaged Rebellion
33%
First Demo(1982) Pestilence
33%
Volume 8: The Threat is Real(Hidden)(1998) Pieces
33%
Volume 8: The Threat is Real(1998) Piss N Vinegar
33%
Attack of the Killer B's(1991) Startin' Up a Posse
33%
We've Come for You All(2003) Superhero
33%
For All Kings(2016) Suzerain
33%
We've Come for You All(2003) Taking the Music Back
33%
Stomp 442(1995) Tester
33%
Sound of White Noise(1993) This is Not an Exit
33%
State of Euphoria(1988) Who Cares Wins
33%
For All Kings(2016) You Gotta Believe
33%
For All Kings(2016) Zero Tolerance
33%
Volume 8: The Threat is Real(1998) 604
17%
For All Kings(2016) All of Them Thieves
17%
Sound of White Noise(B-Side)(1993) Auf Wiedersehen
17%
Volume 8: The Threat is Real(1998) Big Fat
17%
Non-Album(1996) Bordello of Blood
17%
Volume 8: The Threat is Real(1998) Born Again Idiot
17%
For All Kings(2016) Breathing Out
17%
Among the Living(Bonus)(1987) Bud E Luv Bomb and Satan's Lounge Band
17%
Sound of White Noise(1993) Burst
17%
Sound of White Noise(B-Side)(1993) Cowboy Song
17%
We've Come for You All(2003) Crash
17%
Worship Music(2011) Crawl
17%
For All Kings(2016) Defend / Avenge
17%
First Demo(1982) Hate
17%
Volume 8: The Threat is Real(Bonus)(1998) Giving the Horns
17%
Stomp 442(Bonus)(1995) Grunt and Click
17%
Volume 8: The Threat is Real(1998) Harms Way
17%
Volume 8: The Threat is Real(1998) Hog Tied
17%
Volume 8: The Threat is Real(1998) Killing Box
17%
Sound of White Noise(B-Side)(1993) London
17%
Worship Music(Hidden)(2011) New Noise
17%
Attack of the Killer B's(1991) N.F.B. (Dallabnikufesin)
17%
We've Come for You All(2003) Nobody Knows Anything
17%
Sound of White Noise(B-Side)(1993) Noisegate
17%
Stomp 442(1995) Perpetual Motion
17%
Non-Album(1993) Poison My Eyes
17%
Fistful of Metal(Bonus)(1984) Raise Hell
17%
Worship Music(2011) Revolution Screams
17%
First Demo(1982) Satan's Wheels
17%
Non-Album(2014) Soror Irrumator
17%
Volume 8: The Threat is Real(1998) Stealing from a Thief
17%
We've Come for You All(2003) Strap It On
17%
Worship Music(2011) The Constant
17%
Worship Music(2011) The Giant
17%
We've Come for You All(2003) Think About an End
17%
For All Kings(2016) This Battle Chose Us!
17%
Volume 8: The Threat is Real(1998) Toast to the Extras
17%
For All Kings(Bonus)(2016) Vice of the People
17%
We've Come for You All(2003) W.C.F.Y.A.
17%
Persistence of Time(B-Side)(1990) Who Put This Together
17%
No matching quizzes found
Score Distribution
Percent of People with Each Score
Percentile by Number Answered
Your Score History
You have not taken this quiz since the last reset